| 000 | 00435nam a2200145 i 4500 | ||
|---|---|---|---|
| 001 | 41133 | ||
| 003 | ES-MaACL | ||
| 005 | 20230906160358.0 | ||
| 007 | t| | ||
| 008 | 030310m18901912fr ||||1| fre d | ||
| 245 | 0 | 0 |
_aCartulaire de l'Université de Montpellier / _cpubliè sous les auspices de l'Université. |
| 260 |
_aMontpellier : _bMaison Lauriol, _c1890-[1912] |
||
| 300 |
_a2 v. ; _c29 cm. |
||
| 852 |
_aES-MaACL _jD-34-35 _bR.4511 |
||
| 999 |
_c41133 _d41133 |
||